000 00724nam a2200253 i 4500
001 C2-0269740
003 PPAK
005 20180728000334.0
008 060809s2005 my a|||| ||||| | eng d
020 _a9833278205
040 _aPPAK
_beng
_cPPAK
_erda
082 0 4 _a428.6
_223
090 0 0 _a428.6
_bTOL
_dK
245 0 4 _aThe tolerant young squirrel
264 1 _aBatu Caves, Selangor :
_bEarly Leaner Publications ,
_c2005
300 _a16 pages :
_bcolour illustrations ;
_c26 cm
336 _2rdacontent
_atext
337 _2rdamedia
_aunmediated
338 _2rdacarrier
_avolume
490 1 _aValue based baby animal stories
650 1 0 _aReaders
830 0 _aValue based baby animal stories
942 _ddc
_cB
999 _c78389
_d78389